Juice WRLD - Wszystkie albumy - Statystyki

Ogólne statystyki
  • Ten quiz został rozwiązany 85 razy
  • Średni wynik to 5 z 6
Statystyki odpowiedzi
Hint Odpowiedź % Poprawnych
2018 Goodbye & Good Riddance
93%
2020 Legends Never Die
91%
2024 The Party Never Ends
87%
2019 Death Race For Love
76%
2021 Fighting Demons
75%
2018 WRLD ON DRUGS
68%
Nie znaleziono quizów pasujących do podanych kryteriów
Rozkład punktacji
Procent ludzi z każdym wynikiem
Percentyl według liczby udzielonych odpowiedzi
Twoja historia wyników
Nie rozwiązałeś tego quizu